000 00489nam a2200193Ia 4500
008 170918s9999 xx 000 0 und d
020 _a9780545447805
050 _bN892 2012
100 _aNorwich, Grace
245 _aI am Martin Luther King, Jr. /
245 _cby Grace Norwich ; illustrated by Elisabeth Alba.
260 _aNew York :
260 _bScholastic,
260 _c2012
300 _a127 pages :
300 _billustrations ;
300 _c19cm.
500 _a1110
999 _c343285
_d343285